Normal view
MARC view
- Hagen, Inga ten.
Entry Personal Name
001 - CONTROL NUMBER
- control field: 68377
003 - CONTROL NUMBER IDENTIFIER
- control field: OSt
005 - DATE AND TIME OF LATEST TRANSACTION
- control field: 20251003090403.0
008 - FIXED-LENGTH DATA ELEMENTS
- fixed length control field: 251003|| aca||aabn | a|a d
040 ## - CATALOGING SOURCE
- Original cataloging agency: OSt.
100 ## - HEADING--PERSONAL NAME
- Personal name: Hagen, Inga ten.
- Relator term: author.
